000 00498nam a22001817a 4500
005 20230921091424.0
008 180705b xxu||||| |||| 00| 0 eng d
040 _beng
041 _aEnglish
082 _a248
_bTHA
100 _aThannickal, Joe
245 _aGifted journey
_bFinding gift in experiences through a spirituality of meaning
_cDr. Joe Thannickal
300 _a120p
_b23 cm
650 _aSpirituality
650 _aSpirituality
_vBiblical teaching
850 _aLCLIB
942 _cBK
999 _c41635
_d92114